|
|
|
|
| LEADER |
01020nab a2200265 i 4500 |
| 001 |
publ21161 |
| 005 |
20210408101401.0 |
| 008 |
210408s2021 hu o 0|| zxx d |
| 022 |
|
|
|a 1471-2458
|
| 024 |
7 |
|
|a 10.1186/s12889-021-10572-8
|2 doi
|
| 024 |
7 |
|
|a 31951000
|2 mtmt
|
| 040 |
|
|
|a SZTE Publicatio Repozitórium
|b hun
|
| 041 |
|
|
|a zxx
|
| 100 |
1 |
|
|a Galistiani Githa Fungie
|
| 245 |
1 |
0 |
|a Determinants of influenza vaccine uptake and willingness to be vaccinated by pharmacists among the active adult population in Hungary
|h [elektronikus dokumentum] :
|b a cross-sectional exploratory study /
|c Galistiani Githa Fungie
|
| 260 |
|
|
|c 2021
|
| 300 |
|
|
|a Terjedelem: 13 p-Azonosító: 521
|
| 490 |
0 |
|
|a BMC PUBLIC HEALTH
|v 21 No. 1
|
| 700 |
0 |
1 |
|a Matuz Mária
|e aut
|
| 700 |
0 |
1 |
|a Matuszka Nikolett
|e aut
|
| 700 |
0 |
1 |
|a Doró Péter
|e aut
|
| 700 |
0 |
1 |
|a Schvab Krisztina
|e aut
|
| 700 |
0 |
1 |
|a Engi Zsófia
|e aut
|
| 700 |
0 |
1 |
|a Benkő Ria
|e aut
|
| 856 |
4 |
0 |
|u http://publicatio.bibl.u-szeged.hu/21161/1/s12889-021-10572-8.pdf
|z Dokumentum-elérés
|